Šiluva: istorinės urbanistinės raidos matmenys: (iki 1940 m.)

Titel: Šiluva: istorinės urbanistinės raidos matmenys: (iki 1940 m.)
Verfasser:
In: Kultūros paminklai, Band 9 (2002), Seite 119-173, Abb., Kt.
alle Artikel anzeigen
Veröffentlicht: 2002
Format: Aufsatz
Sprache: Litauisch
Kein Bild verfügbar
X
alg: 39199074
001A    $01999:11-11-16 
001B    $01999:16-05-21 $t20:18:13.000 
001C    $06050:19-11-16 $t09:40:38.000 
001D    $01999:11-11-16 
001U    $0utf8 
001X    $00 
002@    $0Aox 
003@    $0391990748 
007A    $0391990748 $aHEB 
007T    $0Herdc0077547v 
010@    $alit 
011@    $a2002 
021A    $aŠiluva: istorinės urbanistinės raidos matmenys: (iki 1940 m.) 
028A    $aMiškinis $dAlgimantas 
031A    $d9 $h119-173, Abb., Kt. $j2002 
037A    $aengl. Res. 
039B    $aIn $8--Abvc--. Kultūros paminklai. - Vilnius : Savastis, 1994-. - ISSN 1392-155X $x200200000090000881 $9048665282 
045F    $a307.094793 $eDDC23BSB 
045F/01 $a307.09 
045F/03 $g4793 
045T    $a7,44 

lok: 39199074 78

exp: 39199074 78 1 #EPN
201B/01 $019-04-17 $t10:56:32.000 
201U/01 $0utf8 
203@/01 $0788086634 
208@/01 $a11-11-16 $be 
209A/01 $a/ $f000 $x00 
220C/01 $aTitelaufnehmer: it 
220C/01 $aHerkunft: LII Vilnius / Irena Tumelytė 
244Z/01 $2Trx $#Litauen $#Lithuania $#Litwa $#Litva $#Litva $8--Trx--Lietuva $x01 $9391193457 
244Z/01 $2Trx $8--Trx--Šiluva$gRaseiniai $x02 $939113454X 
244Z/01 $aGeschichte 1940 $x03 
244Z/01 $2Trx $#arhitektuur, linnalik $#miestų architektūra $#architecture, city $#építészet városi $#architektura miejska $#architektúra mestská $#architektura městská $#Architektur, bürgerliche $#Bürgerhäuser $#architektura mieszczańska $#architektúra mešťanská $#domy mešťanské $#architektura měšťanská $#domy měšťanské $8--Trx--Architektur, städtische $x04 $9391382772 
244Z/01 $2Trx $8--Trx--Zeitschriftenaufsatz $x05 $9391384341 
245Z/01 $a13.03 $x01 
247C/01 $82080>Marburg/Lahn, Herder-Institut, Forschungsbibliothek, Bibliographieportal $9336309341
LEADER 00000caa a22000002c 4500
001 391990748
003 DE-603
005 20210516201813.0
007 tu
008 161111s2002 xx |||| | u00||u|lit c
035 |a (DE-599)HEB391990748 
040 |a DE-603  |b ger  |c DE-603  |d DE-603 
041 |a lit 
082 0 4 |8 1\u  |a 307.094793  |q DE-101  |2 23/BSB 
084 |a 7,44  |2 ssgn 
085 |8 1\u  |b 307.09 
085 |8 1\u  |z 2  |s 4793 
100 1 |a Miškinis, Algimantas 
245 0 0 |a Šiluva: istorinės urbanistinės raidos matmenys: (iki 1940 m.) 
264 0 |c 2002 
500 |a engl. Res. 
773 0 8 |i In  |t Kultūros paminklai  |d Vilnius : Savastis, 1994-  |x 1392-155X  |g Band 9 (2002), Seite 119-173, Abb., Kt.  |w (DE-603)048665282  |w (DE-600)1292510-X 
924 0 |9 2080  |a (DE-603)788086634  |b DE-2080  |c HES  |d d  |g /